[Event "2MCR_3DE_2LB_2S"]
[Site "?"]
[Date "2007.??.??"]
[Round "?"]
[White "Kratochvil, Jan"]
[Black "Vrkota, Milos"]
[Result "1-0"]
[WhiteElo "1815"]
[BlackElo "2000"]
[PlyCount "45"]
[EventDate "2007.??.??"]
[EventType "corr"]
[EventRounds "2"]
[SourceDate "2007.01.28"]

1. d4 d5 2. c4 dxc4 3. e4 e5 4. Nf3 exd4 5. Bxc4 Nc6 6. O-O Be6 7. Bb5 Bc5 8.
Nbd2 Qd6 9. e5 Qd5 10. Ng5 Nge7 11. Bc4 Qd7 12. Nxe6 fxe6 13. Ne4 Bb6 14. Qh5+
Ng6 15. Ng5 Nd8 16. Bd2 Kf8 17. f4 Kg8 18. Qh3 Qe7 19. Nxe6 Nxe6 20. Bxe6+ Kf8
21. f5 Nxe5 22. f6 gxf6 23. Bg5 1-0

[Event "2MCR_3DE_2LB_2S"]
[Site "?"]
[Date "2007.??.??"]
[Round "?"]
[White "Cerveny, Libor"]
[Black "Kratochvil, Jan"]
[Result "1-0"]
[WhiteElo "2005"]
[BlackElo "1815"]
[PlyCount "61"]
[EventDate "2007.??.??"]
[EventType "corr"]
[EventRounds "2"]
[SourceDate "2007.01.28"]

1. e4 Nf6 2. e5 Nd5 3. d4 d6 4. Nf3 g6 5. Bc4 c6 6. O-O Bg7 7. Re1 O-O 8. exd6
Qxd6 9. Bg5 Bg4 10. Nbd2 h6 11. Bh4 Nd7 12. h3 Be6 13. Bb3 N7f6 14. Bg3 Qd7 15.
Ne5 Qc8 16. Ndf3 Qd7 17. Nxd7 Bxd7 18. c4 Nb6 19. Rxe7 Rfe8 20. Rxe8+ Rxe8 21.
Qd2 Ne4 22. Qf4 c5 23. Re1 g5 24. Qc7 g4 25. hxg4 Bc6 26. d5 Rc8 27. Qf4 Bxd5
28. cxd5 Nxg3 29. fxg3 c4 30. g5 cxb3 31. gxh6 1-0

[Event "2MCR_3DE_2LB_2S"]
[Site "?"]
[Date "2007.??.??"]
[Round "?"]
[White "Kratochvil, Jan"]
[Black "Cerveny, Libor"]
[Result "1/2-1/2"]
[WhiteElo "1815"]
[BlackElo "2005"]
[PlyCount "74"]
[EventDate "2007.??.??"]
[EventType "corr"]
[EventRounds "2"]
[SourceDate "2007.01.28"]

1. d4 Nf6 2. c4 e6 3. Nf3 d5 4. Nc3 Be7 5. Bg5 h6 6. Bxf6 Bxf6 7. e3 O-O 8. Qd2
Nc6 9. Rc1 a6 10. Be2 dxc4 11. Bxc4 e5 12. d5 b5 13. Bd3 Ne7 14. O-O Bb7 15.
Ne4 Bxd5 16. Nxf6+ gxf6 17. Rfd1 e4 18. Bxe4 Bxe4 19. Qb4 Bd5 20. e4 Qd6 21.
Qxd6 cxd6 22. exd5 Rfc8 23. Nd4 Rxc1 24. Rxc1 Kg7 25. Rc7 Nxd5 26. Rc6 Nb4 27.
Rxd6 Nxa2 28. h4 Re8 29. g4 Nc1 30. Kg2 h5 31. gxh5 a5 32. Nxb5 Re2 33. Nd4
Rxb2 34. Nf5+ Kg8 35. Rd8+ Kh7 36. Rd7 Kh8 37. Nh6 Rb4 1/2-1/2

[Event "2MCR_3DE_2LB_3S"]
[Site "?"]
[Date "2007.??.??"]
[Round "?"]
[White "Tyrlik, Jaroslav"]
[Black "Dojcinovic, Miroslav"]
[Result "1-0"]
[WhiteElo "2101"]
[BlackElo "1605"]
[PlyCount "31"]
[EventDate "2007.??.??"]
[EventType "corr"]
[EventRounds "2"]
[SourceDate "2007.01.28"]

1. d4 d5 2. Bf4 Nc6 3. e3 Nf6 4. Nc3 e6 5. Nf3 Bb4 6. Bd3 O-O 7. O-O Be7 8. Ne5
Nb4 9. Be2 c5 10. dxc5 Bxc5 11. Nb5 a6 12. Nd4 Bd6 13. c3 Qd7 14. Nxd7 Bc7 15.
Nxf6+ gxf6 16. Bxc7 1-0

[Event "2MCR_3DE_2LB_3S"]
[Site "?"]
[Date "2007.??.??"]
[Round "?"]
[White "Dojcinovic, Miroslav"]
[Black "Tucek, Richard"]
[Result "1-0"]
[WhiteElo "1605"]
[BlackElo "1688"]
[PlyCount "31"]
[EventDate "2007.??.??"]
[EventType "corr"]
[EventRounds "2"]
[SourceDate "2007.01.28"]

1. e4 c5 2. Nf3 d6 3. d4 cxd4 4. Nxd4 e6 5. Nc3 Nc6 6. Be3 Nf6 7. f3 Be7 8. Qd2
O-O 9. O-O-O Bd7 10. g4 Nxd4 11. Bxd4 h6 12. h4 Nh7 13. g5 hxg5 14. hxg5 Bxg5
15. f4 Bf6 16. Qh2 1-0

[Event "2MCR_3DE_2LB_3S"]
[Site "?"]
[Date "2007.??.??"]
[Round "?"]
[White "Cipka, Ivan"]
[Black "Tucek, Richard"]
[Result "1-0"]
[WhiteElo "2100"]
[BlackElo "1688"]
[PlyCount "25"]
[EventDate "2007.??.??"]
[EventType "corr"]
[EventRounds "2"]
[SourceDate "2007.01.28"]

1. e4 e5 2. Nf3 Nc6 3. Bb5 a6 4. Ba4 Nf6 5. O-O b5 6. Bb3 Be7 7. d4 Nxd4 8.
Nxd4 exd4 9. e5 Ne4 10. Qf3 d5 11. exd6 Nxd6 12. Qxa8 O-O 13. Re1 1-0

[Event "2MCR_3DE_2LB_2S"]
[Site "?"]
[Date "2007.??.??"]
[Round "?"]
[White "Kratochvil, Jan"]
[Black "Jednicky, Vaclav"]
[Result "1/2-1/2"]
[WhiteElo "1815"]
[BlackElo "1600"]
[PlyCount "58"]
[EventDate "2007.??.??"]
[EventType "corr"]
[EventRounds "2"]
[SourceDate "2007.01.28"]

1. d4 Nf6 2. c4 e6 3. Nc3 Bb4 4. Nf3 c5 5. e3 O-O 6. Bd3 d5 7. O-O dxc4 8. Bxc4
cxd4 9. exd4 b6 10. Bg5 Bb7 11. Ne5 Nbd7 12. Nxd7 Qxd7 13. Bxf6 gxf6 14. d5
Bxc3 15. bxc3 Bxd5 16. Qg4+ Kh8 17. Qh4 Qd8 18. Rfd1 Rc8 19. Bb3 f5 20. Qf4 Qc7
21. Qd4+ f6 22. Bxd5 exd5 23. Qxd5 Qe5 24. Qxe5 fxe5 25. Rd7 a6 26. Ra7 Rxc3
27. g3 Rc6 28. Rd1 b5 29. Rdd7 Rh6 1/2-1/2

[Event "2MCR_3DE_2LB_1S"]
[Site "?"]
[Date "2007.??.??"]
[Round "?"]
[White "Kaas, Jaroslav"]
[Black "Jezek, Otakar"]
[Result "1-0"]
[WhiteElo "1800"]
[BlackElo "1867"]
[PlyCount "87"]
[EventDate "2007.??.??"]
[EventType "corr"]
[EventRounds "2"]
[SourceDate "2007.01.28"]

1. e4 e5 2. Nf3 Nf6 3. Nxe5 Qe7 4. d4 d6 5. Nf3 Qxe4+ 6. Be2 Be7 7. O-O O-O 8.
Re1 Qc6 9. Nc3 Qd7 10. Bf4 Re8 11. Bc4 Nc6 12. d5 Qg4 13. Qd2 Nb4 14. Nd4 Qg6
15. a3 c5 16. axb4 cxd4 17. Nb5 Bh3 18. Bg3 Rac8 19. Bd3 Bf5 20. Rxe7 Rxe7 21.
Nxd6 Ne4 22. Nxc8 Bxc8 23. Qe2 Re8 24. f3 f5 25. fxe4 fxe4 26. Bc4 Kh8 27. d6
h6 28. Rxa7 Qg5 29. Ra8 Kh7 30. Rxc8 Rxc8 31. Qxe4+ Kh8 32. Bf4 Qf6 33. Bd3 Kg8
34. d7 Rf8 35. g3 b5 36. Be5 Qe7 37. Qh7+ Kf7 38. Bxg7 Qe3+ 39. Kg2 Qd2+ 40.
Kh3 Qxd3 41. cxd3 Ra8 42. Bxd4+ Ke6 43. Qe4+ Kxd7 44. Qxa8 1-0

[Event "2MCR_3DE_2LB_2S"]
[Site "?"]
[Date "2007.??.??"]
[Round "?"]
[White "Cerveny, Libor"]
[Black "Pensimus, Petr"]
[Result "1-0"]
[WhiteElo "2005"]
[BlackElo "1848"]
[PlyCount "53"]
[EventDate "2007.??.??"]
[EventType "corr"]
[EventRounds "2"]
[SourceDate "2007.01.28"]

1. e4 e5 2. Nf3 Nc6 3. Bc4 Bc5 4. d3 Nf6 5. Nc3 d6 6. Na4 Bb6 7. Nxb6 axb6 8.
c3 h6 9. h3 O-O 10. Be3 Re8 11. O-O Be6 12. Bxe6 Rxe6 13. Qc2 Re8 14. b4 Ra3
15. Qb2 Qa8 16. Nh4 Qa7 17. Bc1 Ra4 18. Qe2 Re6 19. Nf5 Ne7 20. Nxe7+ Rxe7 21.
f4 Ng4 22. Qxg4 b5+ 23. Kh2 Rxa2 24. Be3 b6 25. fxe5 Rxa1 26. Bxh6 g6 27. Qc8+
1-0

[Event "2MCR_3DE_2LB_2S"]
[Site "?"]
[Date "2007.??.??"]
[Round "?"]
[White "Jednicky, Vaclav"]
[Black "Cerveny, Libor"]
[Result "1-0"]
[WhiteElo "1600"]
[BlackElo "2005"]
[PlyCount "75"]
[EventDate "2007.??.??"]
[EventType "corr"]
[EventRounds "2"]
[SourceDate "2007.01.28"]

1. e4 c6 2. d4 d5 3. e5 Bf5 4. Nc3 e6 5. g4 Bg6 6. Nge2 c5 7. h4 h6 8. Be3 cxd4
9. Nxd4 Bb4 10. h5 Bh7 11. Qd2 Nd7 12. a3 Ba5 13. g5 hxg5 14. Bxg5 Bxc3 15.
bxc3 Qb6 16. Bb5 Qc7 17. O-O-O Rc8 18. Qf4 a6 19. Rh3 Bf5 20. Nxf5 exf5 21. Bd3
f6 22. Bxf5 Ne7 23. h6 fxg5 24. hxg7 Rxh3 25. Qxg5 Rh6 26. Qxh6 Qxe5 27. Be6
Nf6 28. Bxc8 Qxc3 29. Rd3 Qe1+ 30. Kb2 Qe5+ 31. Kb1 Qe1+ 32. Ka2 Qe2 33. Rc3
Kf7 34. f4 Ne8 35. f5 Nxg7 36. f6 Ne8 37. fxe7 Qxe7 38. Qh5+ 1-0

[Event "2MCR_3DE_2LB_1S"]
[Site "?"]
[Date "2007.??.??"]
[Round "?"]
[White "Jezek, Otakar"]
[Black "Kaas, Jaroslav"]
[Result "0-1"]
[WhiteElo "1867"]
[BlackElo "1800"]
[PlyCount "93"]
[EventDate "2007.??.??"]
[EventType "corr"]
[EventRounds "2"]
[SourceDate "2007.01.28"]

1. d4 Nf6 2. Nf3 e6 3. e3 d5 4. Bd3 c5 5. O-O Nc6 6. c3 Bd6 7. dxc5 Bxc5 8.
Nbd2 O-O 9. Re1 Bb6 10. Qc2 e5 11. e4 Ng4 12. Re2 dxe4 13. Bxe4 f5 14. Bxc6
bxc6 15. Qb3+ Kh8 16. Nxe5 Ba6 17. c4 Bxf2+ 18. Rxf2 Nxe5 19. Qc3 Nd3 20. Rf3
Qb6+ 21. Kf1 Nb4 22. Qb3 Qc5 23. a3 Nd5 24. Qd3 Rfe8 25. b4 Qb6 26. Nb3 Rad8
27. Bg5 Nf6 28. Qc3 Re4 29. b5 Ng4 30. c5 Qxb5+ 31. Kg1 Qb8 32. g3 Be2 33. Bxd8
Bxf3 34. Qxf3 Re3 35. Qxc6 Qxd8 36. Qa4 h5 37. Nd4 f4 38. Qd1 Qd5 39. gxf4 Qe4
40. Ne6 Rg3+ 41. hxg3 Qe3+ 42. Kh1 Nf2+ 43. Kh2 Nxd1 44. Rxd1 Qe2+ 45. Kg1
Qxd1+ 46. Kf2 Qc2+ 47. Kf3 0-1

[Event "2MCR_3DE_2LB_3S"]
[Site "?"]
[Date "2007.??.??"]
[Round "?"]
[White "Tucek, Richard"]
[Black "Dojcinovic, Miroslav"]
[Result "0-1"]
[WhiteElo "1688"]
[BlackElo "1605"]
[PlyCount "42"]
[EventDate "2007.??.??"]
[EventType "corr"]
[EventRounds "2"]
[SourceDate "2007.01.28"]

1. b4 e5 2. Bb2 d6 3. a3 Nf6 4. e3 Be7 5. d4 exd4 6. Bxd4 O-O 7. Nf3 Qd7 8. Be2
Re8 9. O-O Nc6 10. c4 Nxd4 11. Nxd4 c5 12. bxc5 dxc5 13. Nf3 Qxd1 14. Rxd1 Ne4
15. Nbd2 Nc3 16. Re1 Bf6 17. Rac1 Bf5 18. h3 Nxe2+ 19. Rxe2 Bb2 20. Rd1 Bd3 21.
Ree1 Bc2 0-1

[Event "2MCR_3DE_2LB_1S"]
[Site "?"]
[Date "2007.??.??"]
[Round "?"]
[White "Jezek, Otakar"]
[Black "Pirhala, Ladislav"]
[Result "0-1"]
[WhiteElo "1867"]
[BlackElo "2120"]
[PlyCount "67"]
[EventDate "2007.??.??"]
[EventType "corr"]
[EventRounds "2"]
[SourceDate "2007.01.28"]

1. g3 d5 2. Nf3 Nf6 3. Bg2 c6 4. O-O Bg4 5. h3 Bh5 6. d3 e6 7. Nbd2 Nbd7 8. e4
Be7 9. Qe2 O-O 10. exd5 exd5 11. Nb3 Bd6 12. Bg5 h6 13. Be3 c5 14. Nbd4 cxd4
15. Bxd4 Re8 16. Qd2 Bxf3 17. Bxf3 Ne5 18. Bg2 Nc6 19. Bxf6 Qxf6 20. c3 d4 21.
Rfd1 Ne5 22. Bxb7 Rab8 23. Be4 Nf3+ 24. Bxf3 Qxf3 25. cxd4 Bxg3 26. fxg3 Re2
27. Qxe2 Qxe2 28. Re1 Qxd3 29. b3 Qxg3+ 30. Kf1 Rb6 31. Re8+ Kh7 32. Ke2 Rc6
33. Kd2 Qc3+ 34. Ke2 0-1

[Event "2MCR_3DE_2LB_2S"]
[Site "?"]
[Date "2007.??.??"]
[Round "?"]
[White "Jednicky, Vaclav"]
[Black "Kratochvil, Jan"]
[Result "1-0"]
[WhiteElo "1600"]
[BlackElo "1815"]
[PlyCount "97"]
[EventDate "2007.??.??"]
[EventType "corr"]
[EventRounds "2"]
[SourceDate "2007.01.28"]

1. e4 c5 2. Nf3 d6 3. d4 cxd4 4. Nxd4 Nf6 5. Nc3 a6 6. Be3 e6 7. f3 Be7 8. Qd2
Nc6 9. O-O-O O-O 10. g4 Nxd4 11. Qxd4 Nd7 12. h4 Ne5 13. Be2 b5 14. Kb1 Nc6 15.
Qb6 Qd7 16. Bg5 Rb8 17. Qf2 f6 18. Be3 Ne5 19. a3 a5 20. Ba7 Rb7 21. Bb6 Bd8
22. Bxd8 Rxd8 23. f4 b4 24. axb4 axb4 25. Na2 b3 26. cxb3 Nf7 27. Bc4 Qe7 28.
Nc3 Bd7 29. g5 Ra8 30. Qd4 Rba7 31. gxf6 gxf6 32. Kc2 Bc6 33. Rd2 Kh8 34. Rg2
e5 35. Qe3 f5 36. Rhg1 Nh6 37. fxe5 Qxh4 38. Qxh6 Bxe4+ 39. Nxe4 Qxe4+ 40. Kd2
Qd4+ 41. Ke2 Qxe5+ 42. Kf3 d5 43. Re1 Qd4 44. Qc6 Rf8 45. Re8 Raf7 46. Bxd5
Qd1+ 47. Kf2 Qd2+ 48. Kg3 Qd1 49. Rxf8+ 1-0

[Event "2MCR_3DE_2LB_1S"]
[Site "?"]
[Date "2007.??.??"]
[Round "?"]
[White "Kaas, Jaroslav"]
[Black "Pirhala, Ladislav"]
[Result "1-0"]
[WhiteElo "1800"]
[BlackElo "2120"]
[PlyCount "89"]
[EventDate "2007.??.??"]
[EventType "corr"]
[EventRounds "2"]
[SourceDate "2007.01.28"]

1. c4 Nf6 2. Nc3 e5 3. g3 d5 4. cxd5 Nxd5 5. Bg2 Nb6 6. Nf3 Nc6 7. O-O Be7 8.
d3 O-O 9. Be3 Be6 10. Qc1 f6 11. Ne4 Nd4 12. Bxd4 exd4 13. Nc5 Bd5 14. Nxd4
Bxg2 15. Nde6 Qe8 16. Kxg2 Bxc5 17. Nxc5 Qxe2 18. Nxb7 Qxd3 19. Qc6 Rac8 20.
Rfe1 Qc4 21. Na5 Qf7 22. b3 Rfd8 23. Rac1 Rd2 24. a4 Rd6 25. Qb7 Qd5+ 26. Qxd5+
Rxd5 27. Nc6 Rd7 28. Ne7+ Kf7 29. Nxc8 Nxc8 30. Rcd1 Rxd1 31. Rxd1 Ke7 32. Rd5
Ke8 33. Kf3 Ne7 34. Rh5 h6 35. Ra5 Nc6 36. Ra6 Nd4+ 37. Ke4 Nxb3 38. Rxa7 Kd7
39. Kf5 Kc8 40. Ra8+ Kb7 41. Rg8 g5 42. Kxf6 c5 43. Kg6 c4 44. Re8 g4 45. Kxh6
1-0

[Event "2MCR_3DE_2LB_1S"]
[Site "?"]
[Date "2007.??.??"]
[Round "?"]
[White "Pirhala, Ladislav"]
[Black "Kaas, Jaroslav"]
[Result "1/2-1/2"]
[WhiteElo "2120"]
[BlackElo "1800"]
[PlyCount "83"]
[EventDate "2007.??.??"]
[EventType "corr"]
[EventRounds "2"]
[SourceDate "2007.01.28"]

1. e4 c5 2. Nf3 d6 3. d4 cxd4 4. Nxd4 Nf6 5. Nc3 a6 6. Bg5 e6 7. f4 Qb6 8. Nb3
Be7 9. Qf3 Nbd7 10. O-O-O Qc7 11. Bd3 b5 12. Rhe1 b4 13. Ne2 Bb7 14. g4 a5 15.
Qh3 a4 16. Nbd4 a3 17. b3 Ra5 18. Bxf6 Nxf6 19. Nb5 Qb6 20. Ned4 Nd7 21. g5 g6
22. f5 e5 23. fxg6 Bxg5+ 24. Kb1 exd4 25. e5 dxe5 26. g7 Rg8 27. Qxh7 Rxg7 28.
Qxg7 Bf6 29. Qg8+ Ke7 30. Qg4 Rxb5 31. Bxb5 Qxb5 32. Qxd4 Ke8 33. Qd6 Be7 34.
Qc7 Qc6 35. Rxd7 Qxd7 36. Qb8+ Bc8 37. Qxe5 Qa7 38. Qh8+ Kd7 39. Qh3+ Kd8 40.
Qh8+ Kd7 41. Qh3+ Kd8 42. Qh8+ 1/2-1/2

[Event "2MCR_3DE_2LB_3S"]
[Site "?"]
[Date "2007.??.??"]
[Round "?"]
[White "Tyrlik, Jaroslav"]
[Black "Tucek, Richard"]
[Result "1-0"]
[WhiteElo "2101"]
[BlackElo "1688"]
[PlyCount "33"]
[EventDate "2007.??.??"]
[EventType "corr"]
[EventRounds "2"]
[SourceDate "2007.01.28"]

1. d4 d5 2. Bf4 e6 3. e3 c5 4. Nc3 cxd4 5. exd4 Bd6 6. Bxd6 Qxd6 7. Qg4 g6 8.
Nb5 Qb4+ 9. c3 Qxb2 10. Qd1 Na6 11. a3 Bd7 12. Rb1 Qa2 13. Qc1 Bxb5 14. Bxb5+
Kf8 15. a4 Nf6 16. Ra1 Qb3 17. Ra3 1-0

[Event "2MCR_3DE_2LB_3S"]
[Site "?"]
[Date "2007.??.??"]
[Round "?"]
[White "Dojcinovic, Miroslav"]
[Black "Tyrlik, Jaroslav"]
[Result "0-1"]
[WhiteElo "1605"]
[BlackElo "2101"]
[PlyCount "70"]
[EventDate "2007.??.??"]
[EventType "corr"]
[EventRounds "2"]
[SourceDate "2007.01.28"]

1. e4 e5 2. Nf3 Nc6 3. Bc4 Nf6 4. Ng5 Bc5 5. Nxf7 Bxf2+ 6. Kf1 Qe7 7. Nxh8 d5
8. exd5 Nd4 9. d6 cxd6 10. c3 Bg4 11. Qa4+ Nd7 12. Nf7 Kf8 13. Nxd6 Nc5 14. Qa3
Nc2 15. Kxf2 Qh4+ 16. g3 Qf6+ 17. Kg1 Nxa3 18. Nxa3 Bh3 19. Nc2 Qxd6 20. d4 Qc6
21. d5 Qg6 22. Bf1 Qxc2 23. Be3 Qxb2 24. Bxc5+ Kg8 25. Re1 Qd2 26. Rxe5 Bxf1
27. Kxf1 Qxc3 28. Bd6 Qf3+ 29. Kg1 Rc8 30. Bb4 h6 31. Bd2 Rc2 32. Re8+ Kh7 33.
Re1 Rxd2 34. Re2 Rd1+ 35. Re1 Rxe1# 0-1

[Event "2MCR_3DE_2LB_3S"]
[Site "?"]
[Date "2007.??.??"]
[Round "?"]
[White "Cipka, Ivan"]
[Black "Dojcinovic, Miroslav"]
[Result "1-0"]
[WhiteElo "2100"]
[BlackElo "1605"]
[PlyCount "79"]
[EventDate "2007.??.??"]
[EventType "corr"]
[EventRounds "2"]
[SourceDate "2007.01.28"]

1. e4 e5 2. Nf3 Nc6 3. Bb5 a6 4. Ba4 Nf6 5. O-O Be7 6. Re1 O-O 7. Bxc6 dxc6 8.
Nxe5 Bd6 9. Nf3 Nd7 10. d4 Nb6 11. Nbd2 Be6 12. Qe2 Bb4 13. a3 Be7 14. b3 a5
15. c4 c5 16. d5 Bg4 17. a4 Qd6 18. Bb2 Qh6 19. Nf1 Qh5 20. Qe3 Bd6 21. e5 Be7
22. h3 Bc8 23. Rad1 Ra6 24. d6 cxd6 25. exd6 Bxd6 26. Bxg7 Nd7 27. Rd5 f5 28.
Bxf8 Nxf8 29. Qd3 Bf4 30. Ne3 Be6 31. Nxf5 Bxd5 32. Ne7+ Kf7 33. Nxd5 Bd6 34.
Qe3 Qf5 35. Nh4 Qe5 36. Qf3+ Kg7 37. Nf5+ Qxf5 38. Qxf5 Ng6 39. g4 Bb8 40. Qd7+
1-0

[Event "2MCR_3DE_2LB_3S"]
[Site "?"]
[Date "2007.??.??"]
[Round "?"]
[White "Dojcinovic, Miroslav"]
[Black "Cipka, Ivan"]
[Result "0-1"]
[WhiteElo "1605"]
[BlackElo "2100"]
[PlyCount "76"]
[EventDate "2007.??.??"]
[EventType "corr"]
[EventRounds "2"]
[SourceDate "2007.01.28"]

1. e4 e5 2. Nf3 Nf6 3. Nxe5 d6 4. Nf3 Nxe4 5. d3 Nf6 6. Nc3 c6 7. Be3 d5 8. d4
Bd6 9. Bd3 O-O 10. Qd2 Na6 11. O-O Nb4 12. Bg5 Nxd3 13. Qxd3 Qd7 14. Bxf6 gxf6
15. Nd1 Qg4 16. Ne3 Qh5 17. Rfe1 Kh8 18. Kh1 Rg8 19. Rac1 Be6 20. Qb3 Rg6 21.
a3 Rag8 22. Qd3 Rh6 23. Nf1 Bf5 24. Qe2 Be4 25. Ng3 Bxg3 26. fxg3 Rxg3 27. Qf2
Rxf3 28. gxf3 Bxf3+ 29. Kg1 Rg6+ 30. Qg3 Rxg3+ 31. hxg3 Be4 32. Rxe4 dxe4 33.
c3 Qg5 34. Rb1 Qxg3+ 35. Kh1 f5 36. Rf1 e3 37. Rc1 f4 38. Rf1 e2 0-1

[Event "2MCR_3DE_2LB_2S"]
[Site "?"]
[Date "2007.??.??"]
[Round "?"]
[White "Vrkota, Milos"]
[Black "Cerveny, Libor"]
[Result "1/2-1/2"]
[WhiteElo "2000"]
[BlackElo "2005"]
[PlyCount "91"]
[EventDate "2007.??.??"]
[EventType "corr"]
[EventRounds "2"]
[SourceDate "2007.01.28"]

1. e4 c6 2. d4 d5 3. exd5 cxd5 4. c4 Nf6 5. Nc3 e6 6. Nf3 Bb4 7. cxd5 Nxd5 8.
Bd2 Nc6 9. Bd3 O-O 10. O-O Be7 11. a3 Nf6 12. Be3 b6 13. Re1 Bb7 14. Qe2 Rc8
15. Rad1 Nd5 16. Nxd5 Qxd5 17. Bc4 Qh5 18. d5 exd5 19. Rxd5 Qg6 20. Bf4 Rcd8
21. Rxd8 Bxd8 22. Bd3 f5 23. Bg3 Kh8 24. b4 Qf6 25. b5 Ne7 26. Ne5 Qe6 27. Qh5
Bd5 28. Re3 Qc8 29. Bf4 Bc7 30. Bf1 Qe8 31. Qxe8 Rxe8 32. Ng6+ hxg6 33. Bxc7
Kg8 34. h4 Kf7 35. Bd6 Be6 36. Rc3 Nd5 37. Rc1 Kf6 38. f4 Kf7 39. Be2 Rh8 40.
g3 Rd8 41. Be5 Rd7 42. Rd1 Nf6 43. Rxd7+ Nxd7 44. Bc7 Bb3 45. Kf2 Ke6 46. Ke1
1/2-1/2

[Event "2MCR_3DE_2LB_2S"]
[Site "?"]
[Date "2007.??.??"]
[Round "?"]
[White "Jednicky, Vaclav"]
[Black "Vrkota, Milos"]
[Result "1-0"]
[WhiteElo "1600"]
[BlackElo "2000"]
[PlyCount "59"]
[EventDate "2007.??.??"]
[EventType "corr"]
[EventRounds "2"]
[SourceDate "2007.01.28"]

1. d4 d5 2. c4 dxc4 3. e3 c5 4. Nf3 e6 5. Bxc4 a6 6. O-O b5 7. Be2 cxd4 8. Nxd4
Nf6 9. a4 b4 10. Nd2 e5 11. N4f3 Qc7 12. b3 e4 13. Nh4 Be7 14. Bb2 O-O 15. Rc1
Qb6 16. Qc2 Qe6 17. f3 exf3 18. Rxf3 Bb7 19. Bc4 Qd7 20. Nf5 Bxf3 21. Nxf3 g6
22. Bxf7+ Rxf7 23. Nh6+ Kg7 24. Nxf7 Qf5 25. Qc4 Nbd7 26. N7g5 Kh6 27. Ne6 Nh5
28. e4 Qg4 29. Qd5 Bf6 30. Rc7 1-0

[Event "2MCR_3DE_2LB_2S"]
[Site "?"]
[Date "2007.??.??"]
[Round "?"]
[White "Vrkota, Milos"]
[Black "Kratochvil, Jan"]
[Result "1/2-1/2"]
[WhiteElo "2000"]
[BlackElo "1815"]
[PlyCount "88"]
[EventDate "2007.??.??"]
[EventType "corr"]
[EventRounds "2"]
[SourceDate "2007.01.28"]

1. e4 e5 2. Nf3 Nf6 3. Nxe5 d6 4. Nf3 Nxe4 5. Nc3 Nxc3 6. dxc3 Be7 7. Be3 Nd7
8. Qd2 O-O 9. O-O-O Nc5 10. Bxc5 dxc5 11. Bd3 Bd6 12. Kb1 h6 13. h3 Be6 14. Be4
Qf6 15. Bd5 Rae8 16. Bxe6 Rxe6 17. Rhe1 Rfe8 18. c4 a6 19. a3 b6 20. Rxe6 Rxe6
21. Re1 Qe7 22. b3 c6 23. Rxe6 Qxe6 24. Qd3 g6 25. c3 a5 26. Kb2 Kg7 27. h4 Bf4
28. a4 Bd6 29. Qd1 Be7 30. g3 f5 31. Ne1 f4 32. Ng2 fxg3 33. fxg3 Qd6 34. Qe2
Bf6 35. Qe3 h5 36. Nf4 Be5 37. Ne2 Qf6 38. Nc1 Kf8 39. Ne2 Kf7 40. Kc2 Qf5+ 41.
Kb2 Kf6 42. Qh6 Ke6 43. Qe3 Kd7 44. Qd2+ Kc8 1/2-1/2

[Event "2MCR_3DE_2LB_2S"]
[Site "?"]
[Date "2007.??.??"]
[Round "?"]
[White "Cerveny, Libor"]
[Black "Jednicky, Vaclav"]
[Result "0-1"]
[WhiteElo "2005"]
[BlackElo "1600"]
[PlyCount "134"]
[EventDate "2007.??.??"]
[EventType "corr"]
[EventRounds "2"]
[SourceDate "2007.01.28"]

1. e4 e5 2. Nf3 Nc6 3. Bc4 Nf6 4. d3 Bc5 5. Nc3 d6 6. Na4 Bb6 7. Nxb6 axb6 8.
c3 O-O 9. O-O Be6 10. Bxe6 fxe6 11. Ng5 Qd7 12. Qb3 Rae8 13. Be3 h6 14. Nh3 d5
15. Rad1 d4 16. Bc1 Kh7 17. f3 Nh5 18. Nf2 Nf4 19. a3 Ne2+ 20. Kh1 dxc3 21.
bxc3 Nxc1 22. Rxc1 Ra8 23. Rc2 Ra5 24. Ra1 Rfa8 25. Rca2 Nb8 26. Qc2 Qa4 27.
Qd2 Nd7 28. Ng4 Rd8 29. Rb1 Nc5 30. Nxe5 Nxe4 31. fxe4 Rxe5 32. d4 Rc5 33. Qe1
Rc4 34. Rf2 Qxa3 35. Rf3 Rf8 36. Ra1 Qe7 37. Qe2 Rxf3 38. Qxf3 e5 39. Qd3 b5
40. h3 b6 41. Rf1 Qg5 42. Rf8 Qg6 43. Kh2 Qd6 44. Re8 Qc6 45. Rxe5 Rxc3 46.
Qxb5 Qf6 47. Rf5 Qxd4 48. Qb1 Kg6 49. h4 Kh7 50. Rf4 Qe5 51. g3 Rxg3 52. Kxg3
g5 53. hxg5 hxg5 54. Kg2 Qxf4 55. e5+ Kg7 56. Qb5 Qd2+ 57. Kf3 Kf8 58. e6 Ke7
59. Qc6 Qf4+ 60. Kg2 Qd6 61. Qc2 Qd5+ 62. Kg3 Kxe6 63. Kg4 c5 64. Qg6+ Kd7 65.
Qg7+ Kc6 66. Qf6+ Kc7 67. Kh5 g4+ 0-1

[Event "2MCR_3DE_2LB_3S"]
[Site "?"]
[Date "2007.??.??"]
[Round "?"]
[White "Tucek, Richard"]
[Black "Vokolek, Jaroslav"]
[Result "0-1"]
[WhiteElo "1688"]
[BlackElo "2000"]
[PlyCount "40"]
[EventDate "2007.??.??"]
[EventType "corr"]
[EventRounds "2"]
[SourceDate "2007.01.28"]

1. Nf3 Nf6 2. e3 c5 3. d4 e6 4. dxc5 Bxc5 5. c4 O-O 6. Nc3 b6 7. Be2 Bb7 8. O-O
Nc6 9. b3 a6 10. Bb2 Qc7 11. h3 Rfd8 12. Na4 Be7 13. Nd4 d5 14. Nxc6 Bxc6 15.
cxd5 Rxd5 16. Qc2 b5 17. Rac1 Rc8 18. Nc3 Rg5 19. f3 Qg3 20. Bd1 Bd6 0-1

[Event "2MCR_3DE_2LB_1S"]
[Site "?"]
[Date "2007.??.??"]
[Round "?"]
[White "Mateka, Petr"]
[Black "Jezek, Otakar"]
[Result "1-0"]
[WhiteElo "2275"]
[BlackElo "1867"]
[PlyCount "86"]
[EventDate "2007.??.??"]
[EventType "corr"]
[EventRounds "2"]
[SourceDate "2007.01.28"]

1. e4 Nc6 2. d4 d5 3. Nc3 dxe4 4. d5 Nb8 5. Bf4 Nf6 6. Nge2 Bg4 7. h3 Bh5 8.
Qd4 c6 9. Ng3 Bg6 10. h4 h5 11. O-O-O Qb6 12. Qd2 Nbd7 13. dxc6 bxc6 14. Ngxe4
Qb7 15. Qd4 e6 16. Rh3 Qb6 17. Qc4 Nd5 18. Nd6+ Bxd6 19. Bxd6 Qxf2 20. Nxd5
cxd5 21. Qc6 Rd8 22. Rb3 Qxh4 23. Bb5 Qf2 24. Ba4 Qxc2+ 25. Qxc2 Bxc2 26. Kxc2
Rh6 27. Rb7 Rg6 28. Kd3 e5 29. Bxe5 Ra6 30. Bb5 Re6 31. Bc7 a6 32. Ba4 Re7 33.
Kc3 Re3+ 34. Rd3 Rxd3+ 35. Kxd3 Rc8 36. Bd6 Rd8 37. Kd4 g5 38. Kxd5 h4 39. Bc5
g4 40. Bd6 h3 41. gxh3 gxh3 42. Rb3 Rc8 43. Rxh3 Rc5+ 1-0

[Event "2MCR_3DE_2LB_1S"]
[Site "?"]
[Date "2007.??.??"]
[Round "?"]
[White "Mateka, Petr"]
[Black "Struzka, Vlastimil"]
[Result "1-0"]
[WhiteElo "2275"]
[BlackElo "2080"]
[PlyCount "63"]
[EventDate "2007.??.??"]
[EventType "corr"]
[EventRounds "2"]
[SourceDate "2007.01.28"]

1. e4 c5 2. Nf3 Nc6 3. d4 cxd4 4. Nxd4 g6 5. Nc3 Bg7 6. Be3 Nf6 7. Nxc6 bxc6 8.
e5 Ng8 9. Bd4 Qc7 10. f4 Nh6 11. Qd2 Nf5 12. Bf2 Rb8 13. O-O-O O-O 14. g4 Nh6
15. h3 Rd8 16. Ne4 d6 17. b3 Be6 18. exd6 exd6 19. Bd4 f5 20. Nf6+ Kh8 21. Qe1
Qe7 22. g5 Ng8 23. Qh4 h5 24. Be2 Qf7 25. Bxh5 gxh5 26. g6 Qe7 27. Qxh5+ Nh6
28. Rhe1 Rb7 29. Nh7 Bxd4 30. Qxh6 Bg7 31. Qh5 Kg8 32. Ng5 1-0

[Event "2MCR_3DE_2LB_3S"]
[Site "?"]
[Date "2007.??.??"]
[Round "?"]
[White "Tucek, Richard"]
[Black "Cipka, Ivan"]
[Result "0-1"]
[WhiteElo "1688"]
[BlackElo "2100"]
[PlyCount "66"]
[EventDate "2007.??.??"]
[EventType "corr"]
[EventRounds "2"]
[SourceDate "2007.01.28"]

1. c4 e5 2. Nc3 Nf6 3. Nf3 Nc6 4. d3 d5 5. cxd5 Nxd5 6. e3 Be7 7. Be2 O-O 8.
O-O Be6 9. Nxd5 Bxd5 10. b3 f5 11. Bb2 Qd6 12. d4 e4 13. Ne5 Nxe5 14. dxe5 Qe6
15. Qc2 c6 16. Rad1 b5 17. f3 a5 18. fxe4 fxe4 19. Rxf8+ Bxf8 20. Rf1 a4 21.
bxa4 Rxa4 22. a3 Bxa3 23. Bxa3 Rxa3 24. Qc5 Ra8 25. Qd6 Qxd6 26. exd6 Rd8 27.
Rf5 Rxd6 28. Re5 Rd8 29. Bg4 b4 30. Bf5 b3 31. Bxe4 Bxe4 32. Rxe4 c5 33. Rf4
Rd1+ 0-1